Statistics for The Prague Spring

Click here to take the quiz!

General Stats

  • This quiz has been taken 65 times
  • The average score is 6 of 13

Answer Stats

HintAnswer% Correct
Capital of CzechoslovakiaPrague
92%
Year of the Invasion1968
90%
Soviet leader during this timeLeonid Brezhnev
83%
Czechoslovakian LeaderAlexander Dubček
65%
Organisation Czechoslovakia we're accused of betrayingWarsaw Pact
56%
The above's reforms were known as socialism with a what?Human Face
52%
1956 Rebellion this was compared toHungarian Uprising
38%
Soviet policy used to justify the invasionBrezhnev Doctrine
35%
Communist leader that famously condemned the invasionMao Zedong
31%
Consequent leader of CzechoslovakiaGustav Husak
27%
Student who set himself alight in protestsJan Palach
27%
Number of troops sent by the USSR500,000
25%
Previous leader of CzechoslovakiaAntonín Novotný
21%

Score Distribution

Percentile by Number Answered

Percent of People with Each Score

Your Score History

You have not taken this quiz